000 00527nam a2200181Ia 4500
003 GCL
008 140319s9999 xx 000 0 ara d
040 _aGCL /
_cGCL
082 0 4 _a928.2
_bم ش
100 1 _aميشيل مسعد
245 1 0 _aشيخ الادب الجنسى المكشوف هنرى ميللر /
_cميشيل مسعد
300 _a197 ص
490 _a
650 0 4 _aالادب الامريكى المترجم
650 0 4 _aميللر , هنرى
650 0 4 _aالجنس فى الادب
942 _2ddc
_cBK
999 _c42362
_d42362